[Event "XXV MIEDZYNARODOWY FESTIWAL SZACHOWY MEMORIAL JOZEFA KOCHANA - Grupa GM"]
[Site "KOSZALIN"]
[Date "1899-12-30"]
[Round "5.4"]
[White "Sivuk, Vitaly"]
[Black "Dobrowolski, Piotr"]
[Result "1-0"]
[WhiteTitle "IM"]
[BlackTitle "IM"]
[WhiteElo "2475"]
[BlackElo "2432"]

1. e4 c5 2. Nf3 d6 3. Bb5+ Bd7 4. Bxd7+ Qxd7 5. c4 Nf6 6. Nc3 g6 7. d4 cxd4 8.
Nxd4 Bg7 9. f3 O-O 10. Be3 Nc6 11. O-O Rac8 12. b3 Rfd8 13. Rc1 e6 14. Nxc6 Rxc6
15. Qe2 a6 16. Rfd1 Qc7 17. Bd4 Nd7 18. Bxg7 Kxg7 19. Qb2 Kg8 20. Ne2 Rc8 21.
Kh1 Qb6 22. Rd2 Qe3 23. Rcd1 Ne5 24. Qd4 Qxd4 25. Nxd4 Rc5 26. Ne2 b5 27. cxb5
axb5 28. Rxd6 Rc2 29. R6d2 Nd3 30. Kg1 e5 31. Rxd3 Rxe2 32. R3d2 Rc2 33. Rxe2
Rxe2 34. Rd5 b4 35. Rxe5 Rxa2 36. Rb5 Ra1+ 37. Kf2 Ra2+ 38. Kg3 Rb2 39. Rxb4 g5
40. Rb5 h6 41. b4 Kg7 42. h3 Kg6 43. Rb6+ Kg7 44. b5 h5 45. h4 gxh4+ 46. Kh3 f6
47. Kxh4 Rxg2 48. Kxh5 Rg5+ 49. Kh4 Rc5 50. Kg4 Kf7 51. Rb8 Kg7 52. Kf4 Kf7 53.
b6 Rb5 54. Ke3 1-0

[Event "XXV MIEDZYNARODOWY FESTIWAL SZACHOWY MEMORIAL JOZEFA KOCHANA - Grupa GM"]
[Site "KOSZALIN"]
[Date "1899-12-30"]
[Round "5.5"]
[White "Kanarek, Marcel"]
[Black "Mazur, Stefan"]
[Result "1-0"]
[WhiteTitle "IM"]
[BlackTitle "IM"]
[WhiteElo "2484"]
[BlackElo "2407"]

1. d4 Nf6 2. c4 g6 3. Nc3 Bg7 4. e4 d6 5. f3 O-O 6. Be3 a6 7. Nge2 Nbd7 8. Qd2
c5 9. Rd1 Qa5 10. Nc1 cxd4 11. Bxd4 Ne5 12. Nb3 Qc7 13. Rc1 e6 14. Be2 Bd7 15.
O-O Rac8 16. Rfd1 Qb8 17. c5 Nc6 18. Bxf6 Bxf6 19. cxd6 Qa7+ 20. Kh1 Ne5 21. f4
Nc4 22. Bxc4 Rxc4 23. e5 Bg7 24. Na5 Rcc8 25. Ne4 Qb6 26. Nc4 Qb5 27. b3 Bc6 28.
Qe3 Bd5 29. Nc3 Qb4 30. Nxd5 exd5 31. Rxd5 b5 32. a3 1-0

[Event "XXV MIEDZYNARODOWY FESTIWAL SZACHOWY MEMORIAL JOZEFA KOCHANA - Grupa GM"]
[Site "KOSZALIN"]
[Date "1899-12-30"]
[Round "6.1"]
[White "Warakomski, Tomasz"]
[Black "Mazur, Stefan"]
[Result "1-0"]
[WhiteTitle "IM"]
[BlackTitle "IM"]
[WhiteElo "2489"]
[BlackElo "2407"]

1. e4 e5 2. Nf3 Nc6 3. Bb5 a6 4. Bxc6 dxc6 5. O-O Ne7 6. Nxe5 Qd4 7. Qh5 g6 8.
Qg5 Bg7 9. Nd3 f5 10. e5 c5 11. b3 b6 12. Bb2 Qg4 13. f4 h6 14. Qxg4 fxg4 15.
Nc3 Bf5 16. Nd1 Bxd3 17. cxd3 O-O-O 18. Nf2 h5 19. g3 Nf5 20. Kg2 a5 21. Rac1
Kb7 22. Rc4 Rd5 23. Rfc1 Rhd8 24. d4 R5d7 25. h3 gxh3+ 26. Kxh3 g5 27. fxg5 cxd4
28. g4 hxg4+ 29. Kxg4 Rf8 30. Nd3 Nh6+ 31. Kh5 Nf5 32. Ba3 c5 33. Bxc5 bxc5 34.
Nxc5+ Kc6 35. Nxd7+ Kxd7 36. Rc7+ Ke6 37. R1c6+ Kxe5 38. Kg6 Bh8 39. Kh7 Kf4 40.
Rc8 Rxc8 41. Rxc8 Be5 42. g6 d3 43. Rc5 Ke4 44. Rxa5 Bc3 45. Rxf5 Kxf5 46. a4
Bxd2 47. g7 1-0

[Event "XXV MIEDZYNARODOWY FESTIWAL SZACHOWY MEMORIAL JOZEFA KOCHANA - Grupa GM"]
[Site "KOSZALIN"]
[Date "1899-12-30"]
[Round "6.2"]
[White "Dobrowolski, Piotr"]
[Black "Kanarek, Marcel"]
[Result "0-1"]
[WhiteTitle "IM"]
[BlackTitle "IM"]
[WhiteElo "2432"]
[BlackElo "2484"]

1. Nf3 Nf6 2. c4 e6 3. Nc3 d5 4. d4 c5 5. cxd5 Nxd5 6. e3 Nc6 7. Bd3 g6 8. O-O
Bg7 9. Nxd5 exd5 10. dxc5 O-O 11. a3 Qe7 12. h3 Qxc5 13. b4 Qe7 14. Rb1 Rd8 15.
Bb2 Bxb2 16. Rxb2 d4 17. e4 Be6 18. Qd2 f6 19. Rc1 Rac8 20. Rbc2 Ne5 21. Nxe5
fxe5 22. Rc5 Qd6 23. Qc2 Kf7 24. Qa4 a6 25. h4 Rxc5 26. bxc5 Qc7 27. Rc2 Bd7 28.
Qb4 Bc6 29. Qd2 Kg7 30. Qg5 h6 31. Qg3 Rf8 32. h5 g5 33. f3 Rf4 34. Qe1 Qf7 35.
Qb1 Qxh5 36. Qb6 Qe8 37. Bc4 Qd7 38. Rd2 h5 39. Qa7 Rf8 40. Rd3 g4 41. Kh2 h4
42. Rb3 g3+ 43. Kg1 h3 44. Bd5 hxg2 45. Bxc6 Qh3 46. Rxb7+ Kh8 47. Rh7+ Qxh7 48.
Qxh7+ Kxh7 49. Kxg2 Rc8 50. Bb7 Rxc5 51. Bxa6 Ra5 52. Bc4 Rxa3 53. Kxg3 Kg6 0-1

[Event "XXV MIEDZYNARODOWY FESTIWAL SZACHOWY MEMORIAL JOZEFA KOCHANA - Grupa GM"]
[Site "KOSZALIN"]
[Date "1899-12-30"]
[Round "6.3"]
[White "Shishkin, Vadim"]
[Black "Sivuk, Vitaly"]
[Result "1/2-1/2"]
[WhiteTitle "GM"]
[BlackTitle "IM"]
[WhiteElo "2478"]
[BlackElo "2475"]

1. d4 Nf6 2. c4 e6 3. Nc3 Bb4 4. Qc2 O-O 5. Nf3 b6 6. e4 c5 7. a3 cxd4 8. axb4
dxc3 9. bxc3 Bb7 10. e5 Ne8 11. Bd3 f5 12. exf6 Nxf6 13. Bg5 h6 14. Bh4 Bxf3 15.
gxf3 Nc6 16. Qe2 a5 17. b5 Ne7 18. Rg1 Rc8 19. O-O-O Rc5 20. Bg3 Nf5 21. Be5 Qe7
22. Rde1 Rcc8 23. Kb2 Qf7 24. Qd2 Kh8 25. Qe2 Qh5 26. Rg2 d6 27. Bxf5 exf5 28.
Bd4 Rce8 29. Qd1 Rxe1 30. Qxe1 Re8 31. Qd1 Qf7 32. Qd3 Nh5 33. Be3 Rc8 34. Qd5
Qxd5 35. cxd5 Kh7 36. Rg1 g5 37. Re1 Nf6 38. Bxb6 1/2-1/2

[Event "XXV MIEDZYNARODOWY FESTIWAL SZACHOWY MEMORIAL JOZEFA KOCHANA - Grupa GM"]
[Site "KOSZALIN"]
[Date "1899-12-30"]
[Round "6.4"]
[White "Lewtak, Damian"]
[Black "Dragun, Kamil"]
[Result "0-1"]
[WhiteTitle "m"]
[BlackTitle "GM"]
[WhiteElo "2336"]
[BlackElo "2530"]

1. e4 c5 2. Nf3 e6 3. d4 cxd4 4. Nxd4 a6 5. Bd3 Qc7 6. O-O Nf6 7. Qe2 d6 8. a4
g6 9. Na3 Bg7 10. Nb3 O-O 11. a5 Nbd7 12. f4 b5 13. axb6 Nxb6 14. Kh1 Re8 15.
Be3 Rb8 16. Bg1 Bb7 17. Bxb6 Qxb6 18. Nc4 Qc7 19. e5 dxe5 20. fxe5 Nd7 21. Nd6
Rf8 22. Nxb7 Rxb7 23. Bxa6 Rb4 24. Qd2 Rh4 25. g3 Rh5 26. Be2 Rxe5 27. Bf3 Nb6
28. Na5 Rc5 29. c3 Rxa5 0-1

[Event "XXV MIEDZYNARODOWY FESTIWAL SZACHOWY MEMORIAL JOZEFA KOCHANA - Grupa GM"]
[Site "KOSZALIN"]
[Date "1899-12-30"]
[Round "6.5"]
[White "Krzyzanowski, Marcin"]
[Black "Malaniuk, Vladimir P"]
[Result "1/2-1/2"]
[WhiteTitle "m"]
[BlackTitle "GM"]
[WhiteElo "2336"]
[BlackElo "2546"]

1. Nf3 f5 2. d3 Nc6 3. e4 e5 4. Nc3 Nf6 5. exf5 d5 6. d4 exd4 7. Nxd4 Nxd4 8. Qxd4
Bxf5 9. Bg5 Bxc2 10. Be2 c6 11. Bh5+ Bg6 12. Bxg6+ hxg6 13. O-O-O Kf7 14. h4 Qa5
15. Kb1 Re8 16. Qd3 Bd6 17. Bxf6 gxf6 18. h5 gxh5 19. Qf5 Re5 20. Qd7+ Be7 21.
f4 Re3 22. Rhe1 Qc5 23. Na4 Qd6 24. Qxd6 Rxe1 25. Qd7 Rxd1+ 26. Kc2 Rd4 27. b3
Rd8 28. Qf5 Rh8 29. Qd7 Rg8 30. Nc5 Rxg2+ 31. Kc3 Rxf4 32. Qe6+ Ke8 33. Qd7+ 1/2-1/2

[Event "XXV MIEDZYNARODOWY FESTIWAL SZACHOWY MEMORIAL JOZEFA KOCHANA - Grupa GM"]
[Site "KOSZALIN"]
[Date "1899-12-30"]
[Round "7.1"]
[White "Malaniuk, Vladimir P"]
[Black "Warakomski, Tomasz"]
[Result "0-1"]
[WhiteTitle "GM"]
[BlackTitle "IM"]
[WhiteElo "2546"]
[BlackElo "2489"]

1. d4 Nf6 2. c4 e6 3. Nf3 c5 4. d5 d6 5. Nc3 exd5 6. cxd5 a6 7. a4 g6 8. h3 Bg7
9. e4 O-O 10. Bd3 Re8 11. O-O Nbd7 12. Re1 Nh5 13. Bg5 Qc7 14. Qd2 Ne5 15. Be2
Nf6 16. Nh2 c4 17. Nf1 Nfd7 18. Qc2 Nc5 19. Nd2 Ncd3 20. Reb1 Bd7 21. a5 Nb4 22.
Qd1 Ned3 23. Bxd3 Nxd3 24. Be3 Nxb2 25. Qc2 Nd3 26. Bb6 Qc8 27. Ra3 f5 28. f3
Re7 29. Kh1 f4 30. Na4 Bb5 31. Bg1 Qf8 32. Nb6 Rd8 33. Ndxc4 Ne5 34. Nxe5 Bxe5
35. Rc1 Qg7 36. Ra2 g5 37. Qd1 h5 38. Rac2 Kh7 39. Rc8 Rxc8 40. Rxc8 g4 41. fxg4
hxg4 42. Nc4 f3 43. gxf3 gxh3 44. Qd2 Bf4 45. Qc2 Ba4 46. Qe2 Bd1 47. Qf2 Qh6
48. Bh2 Rg7 0-1

[Event "XXV MIEDZYNARODOWY FESTIWAL SZACHOWY MEMORIAL JOZEFA KOCHANA - Grupa GM"]
[Site "KOSZALIN"]
[Date "1899-12-30"]
[Round "7.2"]
[White "Dragun, Kamil"]
[Black "Krzyzanowski, Marcin"]
[Result "1-0"]
[WhiteTitle "GM"]
[BlackTitle "m"]
[WhiteElo "2530"]
[BlackElo "2336"]

1. d4 Nf6 2. c4 e6 3. Nf3 b6 4. g3 Bb7 5. Bg2 Be7 6. O-O O-O 7. Re1 d5 8. cxd5
exd5 9. Nc3 Re8 10. Bf4 a6 11. Rc1 Bd6 12. Ne5 Nbd7 13. Nd3 Nf8 14. Bg5 Be7 15.
Nf4 Ne4 16. Bxe7 Rxe7 17. Qb3 c6 18. Nxe4 dxe4 19. Red1 Ne6 20. Nxe6 Rxe6 21.
e3 Re7 22. Bf1 Rd7 23. Be2 Rd6 24. Rc3 Qc7 25. Qa4 Rad8 26. Bf1 h5 27. b4 Qe7
28. Qc2 R6d7 29. Bg2 Re8 30. Rb1 h4 31. a4 Rd5 32. a5 b5 33. Rc5 hxg3 34. hxg3
f5 35. Rc1 Kf7 36. Qe2 g6 37. R1c3 Qe6 38. Qc2 Red8 39. Rxd5 Rxd5 40. f3 exf3
41. Bxf3 Rd6 42. Qb3 Qxb3 43. Rxb3 Bc8 44. Rc3 Bd7 45. Rc5 Ke7 46. Kf2 g5 47.
Bg2 Rh6 48. g4 fxg4 49. Rxg5 Kd6 50. Kg3 Kc7 51. Rg7 Re6 52. Kf2 Rf6+ 53. Ke2
Rd6 54. Be4 Rf6 55. Bg6 Kd8 56. Bh5 Be6 57. Bxg4 Bc4+ 58. Kd2 Rf2+ 59. Kc3 Rg2
60. Rg6 Rg3 61. Kd2 Ke7 62. Bf5 Rf3 63. Bd3 Rf2+ 64. Kc3 Be6 65. Rg7+ Kd6 66.
e4 Ra2 67. Bc2 Bc4 68. Ra7 Ra3+ 69. Kb2 Rg3 70. Rxa6 Rg2 71. d5 Bd3 72. Rxc6+
Ke5 73. a6 1-0

[Event "XXV MIEDZYNARODOWY FESTIWAL SZACHOWY MEMORIAL JOZEFA KOCHANA - Grupa GM"]
[Site "KOSZALIN"]
[Date "1899-12-30"]
[Round "7.3"]
[White "Sivuk, Vitaly"]
[Black "Lewtak, Damian"]
[Result "1-0"]
[WhiteTitle "IM"]
[BlackTitle "m"]
[WhiteElo "2475"]
[BlackElo "2336"]

1. Nf3 d5 2. g3 Nf6 3. Bg2 g6 4. O-O Bg7 5. c4 c6 6. b3 O-O 7. Bb2 h6 8. d3 a5
9. a3 Be6 10. Nbd2 a4 11. b4 b5 12. Rc1 Na6 13. Nd4 Bd7 14. N2f3 Rc8 15. Ne5 Nb8
16. cxb5 cxb5 17. Rxc8 Qxc8 18. Qc1 Qb7 19. Qc5 e6 20. Rc1 Rc8 21. Qe7 Rf8 22.
Rc5 Na6 23. Rxb5 Qc7 24. Nxd7 Qxd7 25. Qxd7 Nxd7 26. Ra5 Nab8 27. Rxa4 Rc8 28.
f4 1-0

[Event "XXV MIEDZYNARODOWY FESTIWAL SZACHOWY MEMORIAL JOZEFA KOCHANA - Grupa GM"]
[Site "KOSZALIN"]
[Date "1899-12-30"]
[Round "7.4"]
[White "Kanarek, Marcel"]
[Black "Shishkin, Vadim"]
[Result "1-0"]
[WhiteTitle "IM"]
[BlackTitle "GM"]
[WhiteElo "2484"]
[BlackElo "2478"]

1. d4 Nf6 2. c4 g6 3. Nc3 d5 4. cxd5 Nxd5 5. e4 Nxc3 6. bxc3 Bg7 7. Nf3 c5 8. Rb1
O-O 9. Be2 b6 10. O-O Bb7 11. d5 Bxc3 12. Bc4 Bg7 13. Qe2 Qc8 14. e5 Ba6 15. e6
fxe6 16. Ng5 Bf6 17. Nxe6 Bxc4 18. Qxc4 Rf7 19. Bh6 Nd7 20. f4 Qb8 21. Kh1 Qd6
22. f5 Qe5 23. Qg4 Kh8 24. fxg6 hxg6 25. Nf4 Qd6 26. Nxg6+ Kh7 27. Rb3 Kxh6 28.
Rh3+ Kg7 29. Ne5+ Kf8 30. Rh8+ 1-0

[Event "XXV MIEDZYNARODOWY FESTIWAL SZACHOWY MEMORIAL JOZEFA KOCHANA - Grupa GM"]
[Site "KOSZALIN"]
[Date "1899-12-30"]
[Round "7.5"]
[White "Mazur, Stefan"]
[Black "Dobrowolski, Piotr"]
[Result "0-1"]
[WhiteTitle "IM"]
[BlackTitle "IM"]
[WhiteElo "2407"]
[BlackElo "2432"]

1. e4 c5 2. Nf3 d6 3. d4 cxd4 4. Nxd4 Nf6 5. Nc3 g6 6. Bc4 Bg7 7. O-O O-O 8. Re1
Nc6 9. Bb3 Bd7 10. Bg5 Rc8 11. Nxc6 Bxc6 12. Qd2 Nd7 13. Bh6 Bxh6 14. Qxh6 Qa5
15. Nd5 Bxd5 16. exd5 Rfe8 17. Rad1 Nf6 18. c3 Rc5 19. f4 Qb6 20. Kh1 Rxc3 21.
Qh4 Re3 22. f5 Kg7 23. Qf4 Rxe1+ 24. Rxe1 Qa5 25. Rc1 Rc8 26. Rf1 Qb5 27. fxg6
hxg6 28. Re1 Qd3 29. h3 Rc7 30. Qf2 b5 31. Rd1 Qf5 32. Qd4 Qe5 33. Qf2 Ne4 34.
Qf3 f5 35. g4 Qxb2 36. gxf5 Nf2+ 37. Kg1 Nxd1 0-1

[Event "XXV MIEDZYNARODOWY FESTIWAL SZACHOWY MEMORIAL JOZEFA KOCHANA - Grupa GM"]
[Site "KOSZALIN"]
[Date "1899-12-30"]
[Round "8.1"]
[White "Warakomski, Tomasz"]
[Black "Dobrowolski, Piotr"]
[Result "0-1"]
[WhiteTitle "IM"]
[BlackTitle "IM"]
[WhiteElo "2489"]
[BlackElo "2432"]

1. e4 e6 2. d4 d5 3. Nc3 Bb4 4. e5 c5 5. Bd2 Nh6 6. Nb5 Bxd2+ 7. Qxd2 O-O 8. dxc5
Nd7 9. Nf3 Nxc5 10. Bd3 Bd7 11. Nbd4 f6 12. O-O-O Nf7 13. Rhe1 Rc8 14. Kb1 fxe5
15. Nxe5 Nxe5 16. Rxe5 Qf6 17. Nf3 Be8 18. Qe3 Bg6 19. Bxg6 Qxg6 20. Ne1 Rc6 21.
f3 Rfc8 22. Rd4 h6 23. Rg4 Qf6 24. Rf4 Qg6 25. Rg4 Qf6 26. Rh5 Kh8 27. Rf4 Qg6
28. Rfh4 Kh7 29. g4 Nd7 30. Qd2 Kg8 31. g5 Ne5 32. a3 Nc4 33. Qe2 Rb6 34. Kc1
Rxb2 35. gxh6 Ra2 36. Kb1 Qf6 37. Rd4 Ra1+ 38. Kxa1 Qxd4+ 0-1

[Event "XXV MIEDZYNARODOWY FESTIWAL SZACHOWY MEMORIAL JOZEFA KOCHANA - Grupa GM"]
[Site "KOSZALIN"]
[Date "1899-12-30"]
[Round "8.3"]
[White "Lewtak, Damian"]
[Black "Kanarek, Marcel"]
[Result "1-0"]
[WhiteTitle "m"]
[BlackTitle "IM"]
[WhiteElo "2336"]
[BlackElo "2484"]

1. Nf3 Nf6 2. g3 g6 3. Bg2 Bg7 4. O-O O-O 5. d3 c5 6. e4 d6 7. Re1 Nc6 8. c3 e5
9. Nbd2 Re8 10. a3 a6 11. b4 b5 12. a4 Rb8 13. axb5 axb5 14. bxc5 dxc5 15. Nb3
Nd7 16. Be3 Qe7 17. Bh3 c4 18. dxc4 bxc4 19. Na5 Nxa5 20. Rxa5 Nf8 21. Bxc8 Rbxc8
22. Qa4 Red8 23. Ra7 Rc7 24. Ra8 Rxa8 25. Qxa8 Qd7 26. Ra1 Rc8 27. Qa6 Ne6 28.
Nd2 Bf8 29. Nxc4 Rc6 30. Qa4 Qc7 31. Nxe5 Rxc3 32. Nd7 Be7 33. Nb6 Rxe3 34. Nd5
Rxe4 35. Qxe4 Qd6 36. Nxe7+ Qxe7 37. Ra8+ Kg7 38. Qe5+ Kh6 39. Ra4 g5 40. h4 Kg6
41. Qe4+ Kg7 42. hxg5 Qxg5 43. Qg4 h6 44. Kg2 Kf6 45. Qf3+ Qf5 46. Qxf5+ Kxf5
47. g4+ Kg6 48. f4 Nf8 49. Kf3 Nh7 50. Ra7 Nf6 51. Ra6 Kg7 52. Rc6 Kg6 53. Kg3
Kg7 54. Kh4 Nd5 55. Rc4 Nf6 56. g5 Nh7 57. gxh6+ Kxh6 58. Kg4 Kg6 59. f5+ Kg7
60. Ra4 Nf6+ 61. Kf4 Nd7 62. Rd4 Nf6 63. Ke5 Ne8 64. Rg4+ Kh7 65. f6 Kh8 66. Rc4
1-0

[Event "XXV MIEDZYNARODOWY FESTIWAL SZACHOWY MEMORIAL JOZEFA KOCHANA - Grupa GM"]
[Site "KOSZALIN"]
[Date "1899-12-30"]
[Round "8.4"]
[White "Krzyzanowski, Marcin"]
[Black "Sivuk, Vitaly"]
[Result "0-1"]
[WhiteTitle "m"]
[BlackTitle "IM"]
[WhiteElo "2336"]
[BlackElo "2475"]

1. d4 Nf6 2. c4 e6 3. Nf3 b6 4. g3 Bb7 5. Bg2 g6 6. O-O Bg7 7. Re1 O-O 8. Qc2 Be4
9. Qd1 Bb7 10. Qc2 d5 11. cxd5 exd5 12. Bf4 Na6 13. Nc3 c5 14. Rad1 c4 15. a3
Nc7 16. Be5 a6 17. Nd2 b5 18. e4 Ne6 19. Nf1 Nxe4 20. Nxe4 dxe4 21. Bxe4 Bxe4
22. Qxe4 Ng5 23. Qg2 f6 24. Bf4 Qd7 25. Be3 Nf7 26. Nd2 f5 27. Nf3 Qd5 28. Ng5
Qxg2+ 29. Kxg2 Rfe8 30. Nh3 Rad8 31. Nf4 Nd6 32. Nd5 Rd7 33. Nb4 a5 34. Nc6 a4
35. Bf4 Rxe1 36. Rxe1 Ne4 37. f3 Nf6 38. Be5 Nd5 39. f4 Bf8 40. Ra1 Rb7 41. Kf3
Rb6 42. Na5 Kf7 43. h3 Ke6 44. g4 Kd7 45. Rg1 c3 46. bxc3 Nxc3 47. Ra1 Be7 48.
Ke3 Nd5+ 49. Kd3 h5 50. gxf5 gxf5 51. Ke2 Rg6 52. Kf3 h4 53. Rb1 Rg3+ 54. Kf2
Nc3 55. Rh1 Bxa3 56. Nb7 Kc6 0-1

[Event "XXV MIEDZYNARODOWY FESTIWAL SZACHOWY MEMORIAL JOZEFA KOCHANA - Grupa GM"]
[Site "KOSZALIN"]
[Date "1899-12-30"]
[Round "8.5"]
[White "Malaniuk, Vladimir P"]
[Black "Dragun, Kamil"]
[Result "1/2-1/2"]
[WhiteTitle "GM"]
[BlackTitle "GM"]
[WhiteElo "2546"]
[BlackElo "2530"]

1. d4 Nf6 2. c4 e6 3. Nf3 Bb4+ 4. Bd2 Qe7 5. g3 Bxd2+ 6. Qxd2 Nc6 7. Nc3 d5 8.
cxd5 exd5 9. Bg2 O-O 10. O-O Bg4 11. e3 Rad8 12. Qc2 a6 13. Qb3 Na5 14. Qa4 Nc6
15. Qb3 Na5 16. Qa4 Nc6 17. Qb3 1/2-1/2

[Event "XXV MIEDZYNARODOWY FESTIWAL SZACHOWY MEMORIAL JOZEFA KOCHANA - Grupa GM"]
[Site "KOSZALIN"]
[Date "1899-12-30"]
[Round "9.1"]
[White "Dragun, Kamil"]
[Black "Warakomski, Tomasz"]
[Result "1-0"]
[WhiteTitle "GM"]
[BlackTitle "IM"]
[WhiteElo "2530"]
[BlackElo "2489"]

1. d4 Nf6 2. c4 e6 3. Nf3 Bb4+ 4. Bd2 Qe7 5. g3 Nc6 6. Nc3 d5 7. a3 Bxc3 8. Bxc3
Ne4 9. Qc2 O-O 10. Bg2 b6 11. O-O Ba6 12. cxd5 exd5 13. Rfc1 Qf6 14. e3 Rfc8 15.
Be1 Ne7 16. Nd2 Nd6 17. a4 c5 18. dxc5 Rxc5 19. Qb3 Rac8 20. Rxc5 bxc5 21. Rc1
c4 22. Qa3 Rb8 23. Nb1 Rxb2 24. Nc3 Rb8 25. Qc5 Ndc8 26. Nxd5 Nxd5 27. Bxd5 Nb6
28. Bc3 Qg6 29. Bf3 Nxa4 30. Qxa7 Qb6 31. Qxb6 Nxb6 32. Ra1 Bb5 33. Rb1 Nd7 34.
Be2 h6 35. Bd4 Ba6 36. Ra1 Bb5 37. Kf1 f6 38. Ke1 Kf7 39. Rc1 Ke7 40. Kd2 Ra8
41. Bxc4 Bxc4 42. Rxc4 Ra2+ 43. Ke1 Kd6 44. Rc8 Ne5 45. Bxe5+ Kxe5 46. Kf1 Kf5
47. Rc5+ Ke4 48. Kg2 Ra7 49. g4 Rb7 50. h4 Ra7 51. Rb5 Rc7 52. Kg3 Ra7 53. Rb8
Re7 54. h5 Ke5 55. Rb5+ Ke6 56. Kf4 Ra7 57. f3 Ra4+ 58. e4 Ra7 59. Rb6+ Kf7 60.
Rd6 Re7 61. Rc6 Ra7 62. Rc3 Rb7 63. Ke3 Rd7 64. Rb3 Ke7 65. Kf4 Ra7 66. Kf5 Kf7
67. Rb5 Rc7 68. f4 Ra7 69. Rd5 Rb7 70. e5 fxe5 71. fxe5 Rb6 72. Rd6 Rb4 73. Rd7+
Kg8 74. g5 hxg5 75. Kg6 Rb6+ 76. Rd6 Rb8 77. e6 Kf8 78. Rd7 Rb6 79. Rf7+ Ke8 80.
Kxg7 Rxe6 81. Rf8+ Ke7 82. Rf5 Kd6 83. h6 Re7+ 84. Rf7 Re8 85. h7 Ke5 86. Rf8
Re7+ 87. Kg6 Rxh7 88. Kxh7 g4 89. Kh6 g3 90. Rf3 1-0

[Event "XXV MIEDZYNARODOWY FESTIWAL SZACHOWY MEMORIAL JOZEFA KOCHANA - Grupa GM"]
[Site "KOSZALIN"]
[Date "1899-12-30"]
[Round "9.2"]
[White "Sivuk, Vitaly"]
[Black "Malaniuk, Vladimir P"]
[Result "1-0"]
[WhiteTitle "IM"]
[BlackTitle "GM"]
[WhiteElo "2475"]
[BlackElo "2546"]

1. d4 f5 2. c4 Nf6 3. Nc3 g6 4. h4 d6 5. Bg5 Bg7 6. Bxf6 Bxf6 7. h5 Nc6 8. Nf3
e5 9. d5 Nd4 10. Nd2 f4 11. Nde4 Bg4 12. Qd3 gxh5 13. O-O-O Bg7 14. e3 fxe3 15.
fxe3 Nf5 16. Be2 O-O 17. Bxg4 hxg4 18. Qe2 Nh6 19. Rh5 Rf6 20. Nxf6+ Qxf6 21.
Rdh1 Rf8 22. e4 Qg6 23. Qe3 Nf7 24. Ne2 h6 25. Rf5 b6 26. Ng3 Ng5 27. Rxf8+ Bxf8
28. Kc2 a5 29. Qe2 Nh7 30. Qf2 Nf6 31. Qf5 Qxf5 32. exf5 Kf7 33. Kd3 Bg7 34. b3
Bf8 35. Rh4 Kg7 36. Ne4 1-0

[Event "XXV MIEDZYNARODOWY FESTIWAL SZACHOWY MEMORIAL JOZEFA KOCHANA - Grupa GM"]
[Site "KOSZALIN"]
[Date "1899-12-30"]
[Round "9.3"]
[White "Kanarek, Marcel"]
[Black "Krzyzanowski, Marcin"]
[Result "1-0"]
[WhiteTitle "IM"]
[BlackTitle "m"]
[WhiteElo "2484"]
[BlackElo "2336"]

1. d4 d5 2. c4 c6 3. Nc3 Nf6 4. Nf3 e6 5. e3 Nbd7 6. Qc2 Bd6 7. b3 O-O 8. Be2 b6
9. O-O Bb7 10. Bb2 Qe7 11. Rad1 Rad8 12. Rfe1 Rfe8 13. Bf1 c5 14. cxd5 exd5 15.
g3 Rc8 16. Qb1 a6 17. Bg2 Rcd8 18. Nh4 cxd4 19. Nf5 Qf8 20. Nxd6 Qxd6 21. Rxd4
Ne5 22. Red1 Qe7 23. R1d2 Rc8 24. Qd1 Ne4 25. Nxd5 Bxd5 26. Rxd5 Nc3 27. Bxc3
Rxc3 28. Rd8 Rc8 29. Rxc8 Rxc8 30. Bb7 1-0

[Event "XXV MIEDZYNARODOWY FESTIWAL SZACHOWY MEMORIAL JOZEFA KOCHANA - Grupa GM"]
[Site "KOSZALIN"]
[Date "1899-12-30"]
[Round "9.4"]
[White "Mazur, Stefan"]
[Black "Lewtak, Damian"]
[Result "1/2-1/2"]
[WhiteTitle "IM"]
[BlackTitle "m"]
[WhiteElo "2407"]
[BlackElo "2336"]

1. d4 Nf6 2. Nc3 d5 3. Bg5 e6 4. e4 dxe4 5. Nxe4 Nbd7 6. Nxf6+ Nxf6 7. Nf3 c5 8.
dxc5 Qxd1+ 9. Rxd1 Bxc5 10. Bb5+ Ke7 11. Ne5 h6 12. Bf4 a6 13. Be2 Nd7 14. Nd3
Bd6 15. Be3 Ne5 16. Nc5 f5 17. f4 Nd7 18. Nb3 g5 19. fxg5 f4 20. Bd4 e5 21. Bc3
hxg5 22. O-O Nf6 23. Rfe1 g4 24. Rxd6 Kxd6 25. Rd1+ Ke6 26. Nc5+ Kf5 27. Bd3+
Kg5 28. Bxe5 Re8 29. Re1 Kh5 30. Bc4 Kg6 31. Nd3 Nh5 32. Bd5 Ra7 33. Be4+ Bf5
34. Bd4 Raa8 35. Ne5+ Rxe5 36. Bxe5 Bxe4 37. Rxe4 Re8 38. Re1 Kf5 39. Bc3 Rxe1+
40. Bxe1 Ke4 41. Kf2 Ng7 42. Ba5 Nf5 43. Bb6 Ne7 44. c4 Nc6 45. h3 gxh3 46. gxh3
Nb4 47. Kg2 Nxa2 48. h4 Nb4 49. h5 Kf5 50. Bd8 Nd3 51. b3 Nc5 52. b4 Nd3 53. b5
axb5 54. cxb5 Nb4 55. Bc7 Nc2 56. Bxf4 Na3 57. b6 1/2-1/2

[Event "XXV MIEDZYNARODOWY FESTIWAL SZACHOWY MEMORIAL JOZEFA KOCHANA - Grupa GM"]
[Site "KOSZALIN"]
[Date "1899-12-30"]
[Round "9.5"]
[White "Dobrowolski, Piotr"]
[Black "Shishkin, Vadim"]
[Result "1/2-1/2"]
[WhiteTitle "IM"]
[BlackTitle "GM"]
[WhiteElo "2432"]
[BlackElo "2478"]

1. d4 Nf6 2. c4 g6 3. Nc3 d5 4. cxd5 Nxd5 5. e4 Nxc3 6. bxc3 Bg7 7. Nf3 c5 8. Rb1
O-O 9. Be2 b6 10. O-O Bb7 11. d5 Bxc3 12. Bc4 Bg7 13. e5 Ba6 14. Qd3 Bxc4 15.
Qxc4 Nd7 16. Re1 Kh8 17. Qh4 f6 18. Bb2 Nxe5 19. Bxe5 fxe5 20. Ng5 h6 21. Ne6
Qxd5 22. Nxf8 Rxf8 23. a4 e4 24. Qxe7 Qf5 25. Qxe4 Qxf2+ 26. Kh1 Qf7 27. Rbc1
Bb2 28. Rcd1 Bc3 29. Rg1 Bd4 30. Rge1 Bc3 31. Rg1 Bd4 32. Rge1 1/2-1/2